000 00573nam a2200205Ia 4500
005 20250923145218.0
008 008 250917s9999 xx 000 0 eng d
037 _aTextual
040 _aDSWL
_beng
_cDSWL
041 _aeng
_2eng
084 _aY4, N69
_qDSWL
100 _aBelaw, Cyril S.
_9832957
245 0 _aConditions of Social Performance
_cby Cyril S. Belaw
260 _aLondon
_bRoutledge & Kegan Paul
_c1969
300 _a169p.
365 _aINR
_b£1.5
925 _g£1.5
942 _cTEXL
_hY4, N69
999 _c1448525
_d1448525